000 00225nam a2200097Ia 4500
008 240331s9999 xx 000 0 und d
082 _bSID
100 _aSidambaranathan, K
245 0 _aSamooga maatrathukkana arangu
942 _cL
999 _c3711
_d3711